000 00563nam a2200169 i 4500
001 43952
003 ES-MaACL
005 20230906160921.0
007 t|
008 030320s1868 fr ||||1| fre d
100 1 _aCicerón, Marco Tulio.
_938748
245 1 0 _aBrutus ou dialogue sur les orateurs illustres /
_cCicerón ; traduction française par J. Z. Burnouf avec le texte latin et un argument.
260 _aParis :
_bZ. Hachette et Cie,
_c1868 (
_fCh. Lahure)
300 _a197 p. ;
_c19 cm.
700 1 _aBurnouf, J. Z.
_932745
852 _aES-MaACL
_jD-1007
999 _c43952
_d43952